Human resource management : Startegy and practice (Record no. 60651)
[ view plain ]
| 000 -LEADER | |
|---|---|
| fixed length control field | 00799nam a22002297a 4500 |
| 003 - CONTROL NUMBER IDENTIFIER | |
| control field | NUST-PNEC |
| 005 - DATE AND TIME OF LATEST TRANSACTION | |
| control field | 20170116180704.0 |
| 008 - FIXED-LENGTH DATA ELEMENTS--GENERAL INFORMATION | |
| fixed length control field | 140916b xxu||||| |||| 00| 0 eng d |
| 020 ## - INTERNATIONAL STANDARD BOOK NUMBER | |
| International Standard Book Number | 0170184994 |
| 020 ## - INTERNATIONAL STANDARD BOOK NUMBER | |
| International Standard Book Number | 9780170184991 |
| 040 ## - CATALOGING SOURCE | |
| Transcribing agency | LIBRARY |
| 082 ## - DEWEY DECIMAL CLASSIFICATION NUMBER | |
| Classification number | 658.3 NAN |
| 100 ## - MAIN ENTRY--PERSONAL NAME | |
| 9 (RLIN) | 290 |
| Personal name | Nankervis, Alan |
| 245 ## - TITLE STATEMENT | |
| Title | Human resource management : Startegy and practice |
| Statement of responsibility, etc. | Alan Nankervis |
| 250 ## - EDITION STATEMENT | |
| Edition statement | 7th ed. |
| 260 ## - PUBLICATION, DISTRIBUTION, ETC. | |
| Place of publication, distribution, etc. | Australia |
| Name of publisher, distributor, etc. | Cengage Learning Australia Pty Limited |
| Date of publication, distribution, etc. | c 2011 |
| 300 ## - PHYSICAL DESCRIPTION | |
| Extent | xxiii, 592 p. : |
| Other physical details | ill. : |
| Dimensions | 26 cm. |
| 500 ## - GENERAL NOTE | |
| General note | Includes Index |
| 650 ## - SUBJECT ADDED ENTRY--TOPICAL TERM | |
| General subdivision | MIS |
| 9 (RLIN) | 1608 |
| Topical term or geographic name entry element | Personnel management |
| 856 ## - ELECTRONIC LOCATION AND ACCESS | |
| Uniform Resource Identifier | <a href="http://www.amazon.com/Human-Resource-Management-Strategy-Practice/dp/0170184994/ref=sr_1_1?s=books&ie=UTF8&qid=undefined&sr=1-1&keywords=9780170184991">http://www.amazon.com/Human-Resource-Management-Strategy-Practice/dp/0170184994/ref=sr_1_1?s=books&ie=UTF8&qid=undefined&sr=1-1&keywords=9780170184991</a> |
| 942 ## - ADDED ENTRY ELEMENTS (KOHA) | |
| Source of classification or shelving scheme | |
| Koha item type | Book |
| Withdrawn status | Lost status | Source of classification or shelving scheme | Damaged status | Not for loan | Permanent Location | Current Location | Shelving location | Date acquired | Source of acquisition | Cost, normal purchase price | Total Checkouts | Full call number | Barcode | Date last seen | Cost, replacement price | Price effective from | Koha item type | Date last checked out |
|---|---|---|---|---|---|---|---|---|---|---|---|---|---|---|---|---|---|---|
| Pakistan Navy Engineering College (PNEC) | Pakistan Navy Engineering College (PNEC) | Reference | 11/18/2011 | Progressive International Agency | 5099.00 | 658.3 NAN | PNECLIB-030542 | 09/16/2014 | 5099.00 | 11/18/2011 | Book | |||||||
| Pakistan Navy Engineering College (PNEC) | Pakistan Navy Engineering College (PNEC) | 02/09/2015 | Progressive International Agency / Library Grant | 3605.00 | 1 | 658.3 NAN | PNECLIB-032040 | 02/25/2016 | 3605.00 | 02/09/2015 | Book | 02/12/2016 |
